[Event "38. International GM-B Bosna 2008"]
[Site "Sarajevo BIH"]
[Date "2008.05.27"]
[Round "5.4"]
[White "Erdogdu, Mert"]
[Black "Arapovic, Vitomir"]
[Result "1-0"]
[WhiteElo "2434"]
[BlackElo "2374"]
[PlyCount "87"]
[EventDate "2008.05.23"]
[EventType "tourn"]
[EventRounds "9"]
[EventCountry "BIH"]
[EventCategory "8"]
[Source "lmi"]
[SourceDate "2008.05.23"]

1. e4 c5 2. Nf3 Nc6 3. d4 cxd4 4. Nxd4 Nf6 5. Nc3 d6 6. Bg5 Bd7 7. Be2 a6 8.
O-O e6 9. Nb3 b5 10. f3 h6 11. Be3 Be7 12. a3 O-O 13. f4 Qc7 14. Bf3 Rac8 15.
Qd2 Rfd8 16. Qf2 Rb8 17. g4 Be8 18. h4 d5 19. exd5 exd5 20. Ne2 Ne4 21. Qh2 b4
22. a4 Na5 23. Nxa5 Qxa5 24. Nd4 Bc5 25. Kh1 Qb6 26. a5 Qc7 27. g5 hxg5 28.
hxg5 g6 29. Rg1 Bf8 30. Rg4 Bg7 31. Rh4 Bd7 32. Rc1 Qc4 33. Be2 Qc7 34. Kg2 f6
35. Rh7 fxg5 36. Rh1 Nf6 37. Bd3 Bg4 38. Bxg6 Kf8 39. Rxg7 Qxg7 40. f5 Re8 41.
Ne6+ Rxe6 42. Qxb8+ Ne8 43. Bc5+ Kg8 44. Bxe8 1-0

[Event "38. International GM-B Bosna 2008"]
[Site "Sarajevo BIH"]
[Date "2008.05.27"]
[Round "5.5"]
[White "Cabrilo, Goran"]
[Black "Atakisi, Umut"]
[Result "1/2-1/2"]
[WhiteElo "2498"]
[BlackElo "2365"]
[PlyCount "149"]
[EventDate "2008.05.23"]
[EventType "tourn"]
[EventRounds "9"]
[EventCountry "BIH"]
[EventCategory "8"]
[Source "lmi"]
[SourceDate "2008.05.23"]

1. e4 c5 2. Nf3 Nc6 3. Bb5 d6 4. d4 cxd4 5. Qxd4 Bd7 6. Bxc6 Bxc6 7. c4 Nf6 8.
Nc3 g6 9. O-O Bg7 10. Qd3 O-O 11. Nd4 Nd7 12. Be3 a5 13. b3 Nc5 14. Qc2 Ne6 15.
Qd2 Nxd4 16. Bxd4 Bxd4 17. Qxd4 Qb8 18. Rfd1 Qa7 19. Qxa7 Rxa7 20. Rac1 Raa8
21. Nd5 Bxd5 22. Rxd5 Rfc8 23. Rb5 Ra7 24. e5 dxe5 25. Rxe5 e6 26. Rd1 a4 27.
g4 axb3 28. axb3 Rc7 29. Kg2 Kg7 30. Rb5 Ra8 31. Rd6 h6 32. h4 Kf6 33. g5+ hxg5
34. hxg5+ Ke7 35. Rdb6 Ra7 36. c5 Kd7 37. b4 Kc8 38. Rd6 Rc6 39. Rd3 Raa6 40.
Rh3 Rc7 41. Rd3 Rcc6 42. Kg3 Ra1 43. Kf4 Ra2 44. Rf3 Re2 45. Kg4 Rc7 46. Ra5
Kd8 47. Rd3+ Ke7 48. Rb5 Rxf2 49. Rb6 f5+ 50. gxf6+ Kxf6 51. Rd8 Ke5 52. Re8
Rf4+ 53. Kg5 Rf5+ 54. Kg4 Rf6 55. Rb8 Rf4+ 56. Kg5 Rf5+ 57. Kg4 Rd7 58. R8xb7
Rd4+ 59. Kg3 Rd3+ 60. Kg2 Kf6 61. Rd6 Rxd6 62. cxd6 Rd5 63. Rd7 Rb5 64. Rd8 Ke5
65. d7 Kd6 66. Rg8 Rg5+ 67. Kf3 Kxd7 68. b5 Rxb5 69. Rxg6 Kd6 70. Ke4 Rb4+ 71.
Ke3 Kd5 72. Rg8 Rb3+ 73. Ke2 e5 74. Rg4 Rh3 75. Ra4 1/2-1/2

[Event "38. International GM-B Bosna 2008"]
[Site "Sarajevo BIH"]
[Date "2008.05.29"]
[Round "6.1"]
[White "Savic, Miodrag R"]
[Black "Atakisi, Umut"]
[Result "1-0"]
[WhiteElo "2542"]
[BlackElo "2365"]
[PlyCount "81"]
[EventDate "2008.05.23"]
[EventType "tourn"]
[EventRounds "9"]
[EventCountry "BIH"]
[EventCategory "8"]
[Source "lmi"]
[SourceDate "2008.05.23"]

1. e4 c5 2. c3 Nf6 3. e5 Nd5 4. g3 d6 5. exd6 Qxd6 6. Bg2 Nc6 7. Na3 Nc7 8. Ne2
e5 9. O-O Be7 10. d4 cxd4 11. cxd4 Nxd4 12. Nc4 Qa6 13. Nxd4 Qxc4 14. Nf3 f6
15. Be3 Ne6 16. Nd2 Qa6 17. Qb3 Nc5 18. Bxc5 Bxc5 19. Rac1 Qb6 20. Qd5 Be7 21.
Nc4 Qe6 22. Qb5+ Kf8 23. Rfd1 Rb8 24. Qa5 Ra8 25. Qc7 g6 26. Bxb7 Bxb7 27. Qxb7
Rc8 28. b3 Qc6 29. Qxa7 Ra8 30. Qe3 Rxa2 31. Qh6+ Kg8 32. Nd6 Rc2 33. Rxc2 Qxc2
34. Rc1 Qxc1+ 35. Qxc1 Bxd6 36. Qc8+ Bf8 37. b4 Kg7 38. b5 Bb4 39. Qc7+ Kh6 40.
b6 Ba5 41. Qc1+ 1-0

[Event "38. International GM-B Bosna 2008"]
[Site "Sarajevo BIH"]
[Date "2008.05.29"]
[Round "6.2"]
[White "Arapovic, Vitomir"]
[Black "Cabrilo, Goran"]
[Result "1/2-1/2"]
[WhiteElo "2374"]
[BlackElo "2498"]
[PlyCount "32"]
[EventDate "2008.05.23"]
[EventType "tourn"]
[EventRounds "9"]
[EventCountry "BIH"]
[EventCategory "8"]
[Source "lmi"]
[SourceDate "2008.05.23"]

1. e4 c5 2. Nf3 e6 3. d4 cxd4 4. Nxd4 a6 5. Bd3 Nf6 6. O-O d6 7. c4 b6 8. Nc3
Bb7 9. b3 Nbd7 10. Bb2 g6 11. Qe2 Bg7 12. Rad1 O-O 13. Bb1 Qc7 14. Rd2 Rad8 15.
Rfd1 Qb8 16. Nf3 Ne8 1/2-1/2

[Event "38. International GM-B Bosna 2008"]
[Site "Sarajevo BIH"]
[Date "2008.05.29"]
[Round "6.3"]
[White "Benderac, Ana"]
[Black "Erdogdu, Mert"]
[Result "0-1"]
[WhiteElo "2334"]
[BlackElo "2434"]
[PlyCount "82"]
[EventDate "2008.05.23"]
[EventType "tourn"]
[EventRounds "9"]
[EventCountry "BIH"]
[EventCategory "8"]
[Source "lmi"]
[SourceDate "2008.05.23"]

1. d4 Nf6 2. Nf3 g6 3. Bg5 Bg7 4. c3 O-O 5. Nbd2 d6 6. e4 c5 7. dxc5 dxc5 8.
Qc2 Nc6 9. Be2 Qc7 10. O-O h6 11. Bxf6 Bxf6 12. Nc4 Rb8 13. Ne3 e6 14. Rad1 b5
15. Qc1 h5 16. Ne1 Bg7 17. f4 Bh6 18. g3 c4 19. N1c2 Bb7 20. Bf3 Rfd8 21. Rxd8+
Rxd8 22. Qe1 Qb6 23. Kg2 Rd3 24. Qe2 Qd8 25. Rf2 e5 26. f5 Ne7 27. fxg6 fxg6
28. Nf1 a5 29. h4 Kg7 30. Ne1 Rd6 31. g4 hxg4 32. Bxg4 Ng8 33. Nf3 Bf4 34. Ng3
Nf6 35. Ng5 Bxg5 36. hxg5 Nh7 37. a4 Nxg5 38. axb5 Rd3 39. Qf1 Rxg3+ 40. Kxg3
Nxe4+ 41. Kh3 Qh8+ 0-1

[Event "38. International GM-B Bosna 2008"]
[Site "Sarajevo BIH"]
[Date "2008.05.29"]
[Round "6.4"]
[White "Stojanovic, Dalibor"]
[Black "Bogut, Zeljko"]
[Result "1-0"]
[WhiteElo "2474"]
[BlackElo "2465"]
[PlyCount "71"]
[EventDate "2008.05.23"]
[EventType "tourn"]
[EventRounds "9"]
[EventCountry "BIH"]
[EventCategory "8"]
[Source "lmi"]
[SourceDate "2008.05.23"]

1. e4 d5 2. exd5 Qxd5 3. Nc3 Qd6 4. Nf3 Nf6 5. Bc4 Be6 6. Bxe6 Qxe6+ 7. Ne2 Nc6
8. O-O Qd7 9. d4 O-O-O 10. c4 e5 11. d5 e4 12. Nd2 Ne5 13. Qc2 Bc5 14. Nxe4
Nxe4 15. Qxe4 Rhe8 16. h3 Ng4 17. Qc2 Qe7 18. Ng3 Qe5 19. hxg4 Qxg3 20. Qf5+
Kb8 21. Bf4 g6 22. Qxf7 Qxg4 23. Bxc7+ Ka8 24. Bxd8 Rxd8 25. Rae1 Qxc4 26. Re8
Qh4 27. Qd7 Rb8 28. Rxb8+ Kxb8 29. d6 Bb6 30. Qe8+ Bd8 31. Re1 Qg5 32. g3 a6
33. Re7 Qc1+ 34. Kh2 Qc8 35. Rxh7 Ka7 36. Qd7 1-0

[Event "38. International GM-B Bosna 2008"]
[Site "Sarajevo BIH"]
[Date "2008.05.29"]
[Round "6.5"]
[White "Kosic, Dragan"]
[Black "Runic, Zoran"]
[Result "1/2-1/2"]
[WhiteElo "2500"]
[BlackElo "2441"]
[PlyCount "32"]
[EventDate "2008.05.23"]
[EventType "tourn"]
[EventRounds "9"]
[EventCountry "BIH"]
[EventCategory "8"]
[Source "lmi"]
[SourceDate "2008.05.23"]

1. Nf3 c5 2. g3 Nc6 3. c4 e5 4. Nc3 g6 5. Bg2 Bg7 6. O-O Nge7 7. Ne1 d6 8. Nc2
O-O 9. Ne3 Be6 10. Ned5 Rb8 11. d3 h6 12. a3 a5 13. Rb1 Kh7 14. Bd2 f5 15. b4
axb4 16. axb4 cxb4 1/2-1/2

[Event "38. International GM-B Bosna 2008"]
[Site "Sarajevo BIH"]
[Date "2008.05.30"]
[Round "7.1"]
[White "Runic, Zoran"]
[Black "Savic, Miodrag R"]
[Result "1-0"]
[WhiteElo "2441"]
[BlackElo "2542"]
[PlyCount "101"]
[EventDate "2008.05.23"]
[EventType "tourn"]
[EventRounds "9"]
[EventCountry "BIH"]
[EventCategory "8"]
[Source "lmi"]
[SourceDate "2008.05.23"]

1. c4 e6 2. Nc3 Bb4 3. g3 Nf6 4. Bg2 O-O 5. Qb3 a5 6. a3 Bxc3 7. bxc3 a4 8. Qc2
d5 9. cxd5 exd5 10. Nf3 Re8 11. d3 Qe7 12. h3 Nc6 13. Ra2 Ra6 14. Nd4 Na7 15.
O-O c5 16. Nf3 b5 17. Re1 Bd7 18. Rb2 Rc8 19. Qb1 h6 20. e4 dxe4 21. dxe4 Be6
22. Nh4 b4 23. cxb4 Nb5 24. e5 Nd5 25. bxc5 Ndc3 26. Qd3 Rd8 27. Nf5 Bxf5 28.
Qxf5 Qxc5 29. Qg4 Re6 30. Kh2 Nxa3 31. Rb7 Nab5 32. f4 Rg6 33. Be3 Qc8 34. Qh5
Rd7 35. Rxb5 Nxb5 36. f5 Qc3 37. fxg6 Qxe1 38. e6 fxe6 39. Qxb5 Rd8 40. Bxh6
Qd1 41. Bg5 Rf8 42. Be7 Rc8 43. Qb7 Qc1 44. Bd6 Kh8 45. Be5 Rg8 46. Qe4 Qh6 47.
Qg4 Rf8 48. Bf4 Rxf4 49. gxf4 a3 50. Bd5 e5 51. Qc8# 1-0

[Event "38. International GM-B Bosna 2008"]
[Site "Sarajevo BIH"]
[Date "2008.06.01"]
[Round "7.2"]
[White "Bogut, Zeljko"]
[Black "Kosic, Dragan"]
[Result "1/2-1/2"]
[WhiteElo "2465"]
[BlackElo "2500"]
[PlyCount "24"]
[EventDate "2008.05.23"]
[EventType "tourn"]
[EventRounds "9"]
[EventCountry "BIH"]
[EventCategory "8"]
[Source "lmi"]
[SourceDate "2008.05.23"]

1. d4 d5 2. Nf3 Nf6 3. c4 e6 4. Nc3 c6 5. cxd5 exd5 6. Bg5 Be7 7. e3 Bf5 8. Bd3
Bxd3 9. Qxd3 Nbd7 10. O-O O-O 11. Rab1 a5 12. a3 Re8 1/2-1/2

[Event "38. International GM-B Bosna 2008"]
[Site "Sarajevo BIH"]
[Date "2008.05.30"]
[Round "7.3"]
[White "Erdogdu, Mert"]
[Black "Stojanovic, Dalibor"]
[Result "0-1"]
[WhiteElo "2434"]
[BlackElo "2474"]
[PlyCount "74"]
[EventDate "2008.05.23"]
[EventType "tourn"]
[EventRounds "9"]
[EventCountry "BIH"]
[EventCategory "8"]
[Source "lmi"]
[SourceDate "2008.05.23"]

1. e4 c5 2. Nf3 Nc6 3. d4 cxd4 4. Nxd4 Nf6 5. Nc3 d6 6. Bg5 e6 7. Qd2 Be7 8.
O-O-O Nxd4 9. Qxd4 O-O 10. f3 a6 11. h4 Qc7 12. Kb1 b5 13. Qd2 b4 14. Ne2 Rb8
15. g4 a5 16. Nd4 a4 17. Bd3 a3 18. b3 Bd7 19. Rc1 Rfc8 20. Ba6 Rd8 21. c3 e5
22. Nf5 Bxf5 23. exf5 Qb6 24. Bxf6 gxf6 25. Be2 d5 26. cxb4 Bxb4 27. Qc2 Qe3
28. Rcg1 e4 29. fxe4 dxe4 30. Rd1 Bd2 31. Bc4 Qd4 32. g5 e3 33. g6 Rdc8 34.
gxf7+ Kf8 35. Rhg1 Rxc4 36. Rg8+ Kxf7 37. Rdg1 Rxg8 0-1

[Event "38. International GM-B Bosna 2008"]
[Site "Sarajevo BIH"]
[Date "2008.05.30"]
[Round "7.4"]
[White "Cabrilo, Goran"]
[Black "Benderac, Ana"]
[Result "1/2-1/2"]
[WhiteElo "2498"]
[BlackElo "2334"]
[PlyCount "29"]
[EventDate "2008.05.23"]
[EventType "tourn"]
[EventRounds "9"]
[EventCountry "BIH"]
[EventCategory "8"]
[Source "lmi"]
[SourceDate "2008.05.23"]

1. e4 e6 2. d4 d5 3. Nc3 dxe4 4. Nxe4 Nd7 5. Nf3 Ngf6 6. Nxf6+ Nxf6 7. Bd3 c5
8. dxc5 Bxc5 9. Qe2 Qc7 10. O-O Bd7 11. Ne5 Bd6 12. Bf4 O-O-O 13. Bg3 Be8 14.
Rad1 Nd7 15. Nxd7 1/2-1/2

[Event "38. International GM-B Bosna 2008"]
[Site "Sarajevo BIH"]
[Date "2008.05.30"]
[Round "7.5"]
[White "Atakisi, Umut"]
[Black "Arapovic, Vitomir"]
[Result "1-0"]
[WhiteElo "2365"]
[BlackElo "2374"]
[PlyCount "103"]
[EventDate "2008.05.23"]
[EventType "tourn"]
[EventRounds "9"]
[EventCountry "BIH"]
[EventCategory "8"]
[Source "lmi"]
[SourceDate "2008.05.23"]

1. e4 g6 2. d4 Bg7 3. Nc3 d6 4. Bg5 c6 5. Qd2 b5 6. f4 Nf6 7. Bd3 O-O 8. h3 h6
9. Bh4 e5 10. dxe5 dxe5 11. fxe5 Nxe4 12. Bxd8 Nxd2 13. Bf6 Nc4 14. Bxc4 bxc4
15. O-O-O Be6 16. Bxg7 Kxg7 17. Rd6 Nd7 18. Nf3 Rac8 19. Rhd1 Nc5 20. Nd4 Rfe8
21. Rxc6 Rxc6 22. Nxc6 Bd7 23. Nxa7 Rxe5 24. Rd5 Rg5 25. b4 cxb3 26. axb3 Be6
27. Rxg5 hxg5 28. b4 Nd7 29. Kd2 f5 30. Ke3 f4+ 31. Kd4 g4 32. hxg4 Bxg4 33.
Nc6 f3 34. gxf3 Bxf3 35. Ne5 Nxe5 36. Kxe5 Kf7 37. Ne4 Ke7 38. Ng5 Be2 39. Kd5
Kd7 40. c4 Bf1 41. b5 Kc7 42. Kc5 Kb7 43. Nf7 Bg2 44. Kb4 Bf3 45. c5 Bd5 46.
Ne5 g5 47. c6+ Kc8 48. Kc5 Be6 49. Kd6 Bf5 50. b6 g4 51. b7+ Kb8 52. Nd7+ 1-0

[Event "38. International GM-B Bosna 2008"]
[Site "Sarajevo BIH"]
[Date "2008.05.31"]
[Round "8.1"]
[White "Savic, Miodrag R"]
[Black "Arapovic, Vitomir"]
[Result "1/2-1/2"]
[WhiteElo "2542"]
[BlackElo "2374"]
[PlyCount "130"]
[EventDate "2008.05.23"]
[EventType "tourn"]
[EventRounds "9"]
[EventCountry "BIH"]
[EventCategory "8"]
[Source "lmi"]
[SourceDate "2008.05.23"]

1. e4 c5 2. c3 e6 3. d4 d5 4. e5 Nc6 5. Nf3 Nge7 6. a3 a5 7. Bd3 Nf5 8. O-O
cxd4 9. Bxf5 exf5 10. cxd4 Be6 11. Nc3 h6 12. Qb3 Rb8 13. Nb5 Be7 14. Bd2 O-O
15. Rfc1 g5 16. Ne1 f4 17. Nd3 Qb6 18. Bc3 Nb4 19. axb4 Qxb5 20. Nc5 axb4 21.
Qxb4 Qe2 22. Qa4 Qg4 23. f3 Qf5 24. Qd1 Qg6 25. Nd3 Rfc8 26. Qd2 Ra8 27. Rxa8
Rxa8 28. Bb4 Bd8 29. h3 h5 30. Nc5 g4 31. Nxe6 fxe6 32. Kh1 Qf5 33. fxg4 hxg4
34. hxg4 Qxg4 35. Qd1 Qf5 36. Qf3 Bh4 37. Be1 Bxe1 38. Rxe1 Kg7 39. Kg1 Rh8 40.
Rf1 Rh4 41. Qa3 Qf7 42. Qd6 Kg6 43. Qd8 Rg4 44. Rf3 Rg3 45. Kf2 Qf5 46. Qg8+
Kh6 47. Rxg3 Qc2+ 48. Kg1 Qd1+ 49. Kh2 fxg3+ 50. Qxg3 Qxd4 51. Qh3+ Kg5 52.
Qxe6 Qf4+ 53. Kg1 Qc1+ 54. Kf2 Qd2+ 55. Kg1 Qc1+ 56. Kf2 Qd2+ 57. Kf1 Qc1+ 58.
Kf2 Qd2+ 59. Kg1 Qc1+ 60. Kh2 Qf4+ 61. g3 Qf2+ 62. Kh3 Qf1+ 63. Kh2 Qe2+ 64.
Kg1 Qe1+ 65. Kg2 Qe2+ 1/2-1/2

[Event "38. International GM-B Bosna 2008"]
[Site "Sarajevo BIH"]
[Date "2008.05.31"]
[Round "8.2"]
[White "Benderac, Ana"]
[Black "Atakisi, Umut"]
[Result "0-1"]
[WhiteElo "2334"]
[BlackElo "2365"]
[PlyCount "66"]
[EventDate "2008.05.23"]
[EventType "tourn"]
[EventRounds "9"]
[EventCountry "BIH"]
[EventCategory "8"]
[Source "lmi"]
[SourceDate "2008.05.23"]

1. e4 c5 2. Nf3 Nc6 3. Bb5 d6 4. O-O Bd7 5. Re1 Nf6 6. c3 a6 7. Bf1 Bg4 8. h3
Bh5 9. g4 Bg6 10. d3 e6 11. Bg2 Be7 12. Nbd2 O-O 13. Nh4 Nd7 14. Nxg6 hxg6 15.
f4 g5 16. Nf3 gxf4 17. Bxf4 Nde5 18. Nxe5 Nxe5 19. Qe2 Ng6 20. Bg3 Bh4 21. Bxh4
Qxh4 22. Rf1 e5 23. Qe3 Rae8 24. d4 Nf4 25. d5 Qe7 26. Rf2 g6 27. Kh2 Kg7 28.
Raf1 Rh8 29. Qg3 Rh7 30. g5 Rh5 31. h4 Reh8 32. Rxf4 exf4 33. Rxf4 Rxg5 0-1

[Event "38. International GM-B Bosna 2008"]
[Site "Sarajevo BIH"]
[Date "2008.05.31"]
[Round "8.3"]
[White "Stojanovic, Dalibor"]
[Black "Cabrilo, Goran"]
[Result "1-0"]
[WhiteElo "2474"]
[BlackElo "2498"]
[PlyCount "56"]
[EventDate "2008.05.23"]
[EventType "tourn"]
[EventRounds "9"]
[EventCountry "BIH"]
[EventCategory "8"]
[Source "lmi"]
[SourceDate "2008.05.23"]

1. e4 c5 2. Nf3 e6 3. d4 cxd4 4. Nxd4 Nc6 5. Nc3 Qc7 6. Be3 a6 7. Qd2 Nf6 8.
O-O-O Be7 9. f3 O-O 10. g4 b5 11. g5 Ne8 12. Kb1 Bb7 13. h4 Ne5 14. Bf4 d6 15.
a3 Nc4 16. Bxc4 bxc4 17. Nde2 Rb8 18. Ka1 Bc8 19. h5 Bd7 20. Ng3 Qb6 21. Rb1
Nc7 22. Rhd1 Nb5 23. Nxb5 Qxb5 24. Bxd6 Bxd6 25. Qxd6 Qxg5 26. Rg1 Qd8 27. h6
g6 28. Rbd1 Rb7 1-0

[Event "38. International GM-B Bosna 2008"]
[Site "Sarajevo BIH"]
[Date "2008.05.31"]
[Round "8.4"]
[White "Kosic, Dragan"]
[Black "Erdogdu, Mert"]
[Result "1-0"]
[WhiteElo "2500"]
[BlackElo "2434"]
[PlyCount "109"]
[EventDate "2008.05.23"]
[EventType "tourn"]
[EventRounds "9"]
[EventCountry "BIH"]
[EventCategory "8"]
[Source "lmi"]
[SourceDate "2008.05.23"]

1. d4 Nf6 2. Nf3 g6 3. Bg5 Bg7 4. Nbd2 d6 5. c3 h6 6. Bh4 g5 7. Bg3 Nh5 8. e4
e6 9. Ng1 Nxg3 10. hxg3 Nc6 11. Bb5 Bd7 12. Ne2 a6 13. Ba4 h5 14. Bc2 g4 15.
Nf1 Qe7 16. a4 a5 17. Bd3 Bh6 18. Nf4 e5 19. Nd5 Qd8 20. Bb5 Bg7 21. dxe5 Nxe5
22. Bxd7+ Kxd7 23. Qe2 c6 24. Nde3 Qb6 25. O-O-O Qb3 26. Qc2 Qa2 27. Nf5 Bf8
28. N1e3 Kc7 29. Rd4 Rd8 30. Rhd1 Rg8 31. b3 Qa1+ 32. Kd2 Qa3 33. Ke2 Qc5 34.
Qd2 Rg6 35. b4 Qa7 36. b5 Qc5 37. Rb1 Qa3 38. Qc2 Qc5 39. Qb3 Kd7 40. bxc6+
bxc6 41. Qb7+ Ke8 42. Qc7 Nd7 43. Rb7 Re6 44. Rc4 Qe5 45. Qxc6 d5 46. Qxd5 Nc5
47. Qxe5 Rxe5 48. Rb5 f6 49. f3 Nd7 50. Nd5 Kf7 51. Rc7 Kg6 52. Nf4+ Kf7 53.
Rbb7 Ke8 54. Nxh5 Be7 55. Nhg7+ 1-0

[Event "38. International GM-B Bosna 2008"]
[Site "Sarajevo BIH"]
[Date "2008.05.31"]
[Round "8.5"]
[White "Runic, Zoran"]
[Black "Bogut, Zeljko"]
[Result "1/2-1/2"]
[WhiteElo "2441"]
[BlackElo "2465"]
[PlyCount "191"]
[EventDate "2008.05.23"]
[EventType "tourn"]
[EventRounds "9"]
[EventCountry "BIH"]
[EventCategory "8"]
[Source "lmi"]
[SourceDate "2008.05.23"]

1. c4 e5 2. g3 Nf6 3. Nc3 d5 4. cxd5 Nxd5 5. Bg2 Nb6 6. Nf3 Nc6 7. O-O Be7 8.
d3 O-O 9. Bd2 Re8 10. Rc1 Bf8 11. Ne4 Nd4 12. Re1 c6 13. Nc5 Nd5 14. Nxd4 exd4
15. Nb3 Nb6 16. h3 Be6 17. Na5 Qd7 18. Kh2 Rac8 19. b3 Bd5 20. Bf1 h5 21. h4
Bd6 22. Nc4 Nxc4 23. bxc4 Be6 24. e4 dxe3 25. Bxe3 Bg4 26. Qd2 c5 27. d4 cxd4
28. Qxd4 Bc5 29. Qc3 Bxe3 30. Rxe3 b6 31. Rd3 Qe7 32. Rd5 Rc5 33. Qd2 Be6 34.
Re1 Qf8 35. Rd4 Rec8 36. Bh3 Bxh3 37. Kxh3 Rxc4 38. Rxc4 Rxc4 39. Qd7 Rc8 40.
Qxa7 Qc5 41. Re3 Qc6 42. Kh2 Ra8 43. Rc3 Rxa7 44. Rxc6 Rxa2 45. Rxb6 Rxf2+ 46.
Kh3 Kh7 47. Ra6 f6 48. Rb6 Re2 49. Ra6 Kg6 50. Ra7 Kh6 51. Ra8 g5 52. hxg5+
fxg5 53. Ra6+ Kg7 54. Rb6 Rf2 55. Ra6 Rf6 56. Ra2 Kg6 57. Kg2 Rd6 58. Rb2 Rd5
59. Rf2 Rc5 60. Ra2 Kf5 61. Ra3 Rc2+ 62. Kf3 g4+ 63. Ke3 Rc5 64. Ra4 Kg5 65.
Ra3 Rf5 66. Ke4 Rf6 67. Ra5+ Kg6 68. Rb5 Re6+ 69. Kf4 Rf6+ 70. Ke4 Ra6 71. Ke3
Ra3+ 72. Kf2 Rf3+ 73. Kg2 Rf5 74. Rb8 Kf6 75. Rb4 Rd5 76. Kf2 Ke5 77. Ke3 Ra5
78. Re4+ Kf5 79. Rf4+ Kg5 80. Rf8 Re5+ 81. Kf2 Rf5+ 82. Rxf5+ Kxf5 83. Kf1 Ke5
84. Ke1 Kd5 85. Kd1 Kd6 86. Kd2 Ke6 87. Ke2 Kf5 88. Kf1 Ke5 89. Ke1 Ke6 90. Ke2
Kd5 91. Kd3 Ke5 92. Ke3 Ke6 93. Ke2 Ke7 94. Ke1 Kf6 95. Kf2 Kf5 96. Kf1 1/2-1/2